Pokémon - Prima Generazione - Morte improvvisa - Statistics

Statistiche generali
  • Questo quiz è stato fatto 969 volte
  • Il punteggio medio è 24 su 50
Answers on the Grid
Answers color-coded by a green-red scale on the quiz's grid according to % correct below.
 
Statistiche sulle risposte
Risposta % Corretto
58%
57%
56%
54%
54%
53%
53%
53%
53%
53%
52%
52%
52%
51%
51%
51%
50%
50%
50%
50%
50%
50%
49%
49%
49%
49%
49%
48%
48%
48%
47%
47%
47%
47%
46%
46%
46%
46%
46%
46%
45%
44%
44%
42%
42%
42%
41%
40%
39%
38%
Nessun quiz corrispondente trovato
Distribuzione punteggi
Percentuale di utenti per punteggio
Percentile per numero di risposta
I tuoi punteggi nel tempo
Non hai fatto questo quiz